000 00850nam a22002417a 4500
003 DO-SdBNP
005 20171124105212.0
008 171123b 2000 mx a ||||| |||| 00| 0 spa d
020 _a0030047713
040 _aBPMSU
_bspa
_cBPMSU
092 _axxxx
_bxxxx
100 1 _aOdum, Eugene P.
240 1 0 _aEcology: the link between the natural and the social sciences.
_lEspañol
245 1 0 _aEcología :
_bel vínculo entre las ciencias naturales y las sociales /
_cEugene P. Odum ; traducción Miguel Ángel Marrón Aguilar.
260 _aMéxico :
_bContinental,
_c2000.
300 _a295 p. :
_bil. ;
_c23 cm.
490 1 _aBiología Moderna
700 1 2 _aMarrón Aguilar, Miguel Ángel,
_etr.
830 0 _aBiología Moderna.
942 _2ddc
_cBK
945 _aInventario / 2017 LP
956 _aLOPEREZ
_b10
_c20171123
_h0041
_iBPMSU
999 _c13052
_d13052